000 00587nam a2200217Ia 4500
003 GCL
008 140319s9999 xx 000 0 ara d
040 _aGCL /
_cGCL
082 0 4 _a340
_bى ك
100 1 _aيوجين جير هارت
245 1 0 _aكنوز المحاماة /
_cيوجين جير هارت
700 1 _aحسن الحداوى
700 1 _aمحمد عمر
260 _a[S.N] :
_bمكتبة النهضة المصرية
300 _a206 ص
490 _a
650 0 4 _aالقانون
650 0 4 _aالمحامون
650 0 4 _aالقضاة
942 _2ddc
_cBK
999 _c55304
_d55304